| 000 | 00496nam a2200157Ia 4500 | ||
|---|---|---|---|
| 999 |
_c18891 _d18891 |
||
| 003 | OSt | ||
| 005 | 20200623115816.0 | ||
| 008 | 190216s9999||||xx |||||||||||||| ||und|| | ||
| 040 | _coclc | ||
| 082 |
_a954.03 _bTHO/R |
||
| 100 |
_aThompson, Edward _93123 |
||
| 245 | 0 |
_aRise And Fulfilment Of British Rule In India / _c Edward Thompson ; G T Garratt |
|
| 260 |
_bCentral Book Depot, _c1966. _aAllahabad: |
||
| 300 | _a690p | ||
| 942 |
_cBK _2ddc _h954.03 _iTHO/R _k954.03 _mTHO/R |
||